00437nam a2200169Ia 450000500170000000800410001702000140005804000190007204100120009108200130010310000150011624500670013126000310019830000160022965000120024585000100025720241129131003.0131103s9999 xx 000 0 und d a590674447 aLoreto College aEnglish a900bMOO aMoore, Kay aIf you lived at the time of the American revolutioncKay Moore aNew YorkbScholasticc1997 a80p.b pic. aHistory aLCBED